Library Banner

Lahore (Record no. 67433)

MARC details
000 -LEADER
fixed length control field 00378nam a22001457a 4500
005 - DATE AND TIME OF LATEST TRANSACTION
control field 20150303113532.0
008 - FIXED-LENGTH DATA ELEMENTS--GENERAL INFORMATION
fixed length control field 150303b xxu||||| |||| 00| 0 eng d
040 ## - CATALOGING SOURCE
Transcribing agency PK-LaUMT
082 ## - DEWEY DECIMAL CLASSIFICATION NUMBER
Classification number KHC 954.9143
Item number PRA-L
100 ## - MAIN ENTRY--PERSONAL NAME
Personal name Pran Nevile
245 ## - TITLE STATEMENT
Title Lahore
Remainder of title a sentimental journey
Statement of responsibility, etc Pran Nevile
260 ## - PUBLICATION, DISTRIBUTION, ETC. (IMPRINT)
Place of publication, distribution, etc New Delhi
Name of publisher, distributor, etc Allied Publishers
Date of publication, distribution, etc 1993
300 ## - PHYSICAL DESCRIPTION
Extent 193 p.
942 ## - ADDED ENTRY ELEMENTS (KOHA)
Koha item type Books
Holdings
Withdrawn status Lost status Damaged status Home library Current library Date acquired Full call number Barcode Date last seen Price effective from Koha item type
      UMT Main Campus UMT Main Campus 2015-03-03 KHC 954.9143 PRA-L 72898 2015-03-03 2015-03-03 Books